The house of make-believe : children's play and the developing imagination

Αποθηκεύτηκε σε:
Λεπτομέρειες βιβλιογραφικής εγγραφής
Κύριος συγγραφέας: Singer, Dorothy G.
Άλλοι συγγραφείς: Singer, Jerome L.
Μορφή: Βιβλίο
Γλώσσα:English
Δημοσίευση: London : Harvard University Press, 1990
Θέματα:
Ετικέτες: Προσθήκη ετικέτας
Δεν υπάρχουν, Καταχωρήστε ετικέτα πρώτοι!

MARC

LEADER 00000nam a2200000 i 4500
001 1/96570
008 991215s1990 eng d
020 |a 0-674-40875-6  |c 10.95 
035 |l 10055812 
040 |a GR-MY-UA  |b gre  |e aacr 
041 0 |a eng 
082 0 |a 155.418 
100 1 |a Singer, Dorothy G. 
245 1 4 |a The house of make-believe :  |b children's play and the developing imagination /  |c Dorothy G Singer, Jerome L. Singer 
260 |a London :   |b Harvard University Press,   |c 1990 
300 |a ix, 339 p. 
650 0 0 |a Play  |x Psychological aspects. 
650 0 0 |a Imagination in children. 
650 0 0 |a Developmental psychology. 
700 1 |a Singer, Jerome L. 
852 |a INST  |b RHODES  |e 19991215  |h 155.418 SIN  |p 005400012273  |q 005400012273  |t BK  |y 0 
901 |a BIBL4-2000-1 
909 |a Ρ  |b 068983 
922 |a 4ΕΛΗ  |b 199909  |c ΚΠΣ/154  |d GLORY BOOKS 
950 |a 154-1999-07-29 
970 |a ΚΟΥΛΑΚΙΟΤΗ  |b ΛΙΤΣΑ  |z 2000/01/18